Participants ZEvent - Statistiques

Statistiques générales
  • Ce quiz a été pris 189 fois
  • Le résultat moyen est 71 sur 142
Statistiques - réponses
Projet Avengers 2016 % Correct
ZeratoR
95%
Squeezie
89%
Gotaga
85%
Maghla
82%
Locklear
80%
DominGo
78%
MisterMV
78%
Antoine Daniel
77%
Doigby
76%
Etoiles
75%
Xari
75%
Jeel
74%
Jiraya
74%
AlphaCast
73%
Sardoche
72%
Joueur Du Grenier
71%
Kameto
69%
Moman
68%
Alderiate
61%
Kotei
57%
Dach
55%
LittleBigWhale
55%
LRB
55%
DFG
52%
Laink
51%
Chap
50%
Gius
50%
Lutti
50%
Terracid
50%
Trinity
49%
Kenny
46%
Mickalow
46%
Lege
43%
GoB
42%
Aayley
40%
Baghera Jones
40%
Lapi
40%
Aypierre
35%
Wakz
35%
Nyo
34%
Carl Jr
32%
Gom4rt
32%
Zankioh
32%
Nono
30%
Narkuss
26%
Benzaie
24%
Master Snakou
24%
Wingobear
24%
Bestmarmotte
23%
Mizu
23%
Tweekz
22%
Hexakil
21%
Aiekillu
18%
Diabalzane
18%
Odemian
17%
Tio
16%
Zack Nani
16%
Mamytwink
13%
ImSoFresh
12%
Zecharia
11%
BlueLondon
10%
Oono
10%
Velahan
5%
Aucun quiz correspondant
Distribution des résultats
% des personnes avec chaque résultat
Percentile par nombre de réponses
Votre historique - résultats
Vous n’avez pas pris ce quiz